| 000 | 00462nam a22001817a 4500 | ||
|---|---|---|---|
| 005 | 20231201112613.0 | ||
| 008 | 160121b xxu||||| |||| 00| 0 eng d | ||
| 020 |
_a818555026 _c250 |
||
| 040 | _aLoreto College | ||
| 082 |
_a302.23 _bGHO |
||
| 100 |
_aGhosh, Subir _qSubir Ghosh |
||
| 245 |
_aPublic Relations Today _cSubir Ghosh |
||
| 260 |
_aKolkata _bAbhinaba Printers |
||
| 300 | _a361p. | ||
| 650 | _aSocial interaction | ||
| 850 | _aLCLIB | ||
| 942 | _cBK | ||
| 999 |
_c40448 _d90927 |
||